00299nam a2200109 a 450000500170000000800410001705000170005810000210007524500500009626000370014644000060018320140414131959.0101021s19uu xx 00 eng d aTRbT32 1997 aMaccarone, Grace aThree pigs, one wolf, and seven magic shapes. aNew York :bScholastic ,c1997. a